[Event "Eurasia Open Cup 2018"]
[Site "Jekaterienburg"]
[Date "2018.08.07"]
[Round "6"]
[White "Artemiev, Vladislav"]
[Black "Pridorozhni, Aleksei"]
[Result "1-0"]
[WhiteElo "2702"]
[BlackElo "2564"]
[Annotator "TA"]
[PlyCount "109"]
[EventDate "2018.08.01"]
[EventType "swiss"]
[EventCountry "RUS"]
[SourceTitle "playchess.com"]
[Source "ChessBase"]
[SourceQuality "1"]

{[%evp 16,109,8,0,6,0,0,0,14,19,2,0,26,0,16,0,0,7,0,-7,-4,-4,-4,-14,0,-7,0,0,0,0,21,20,80,77,74,47,68,22,22,23,17,19,20,15,60,58,52,48,55,59,56,57,69,55,110,108,120,99,172,189,227,228,229,222,390,379,356,303,335,307,370,364,404,382,338,336,426,441,717,715,689,670,618,611,1085,1039,1114,1129,1138,1056,1261,751,1230,700,1129,1047]} 1. e4 c5 2. Nf3 Nc6 3. Bb5 g6 4. O-O Bg7 5. c3 Nf6 6. Re1 O-O 7. h3 d6 8. d3 {B31: Sicilian: 2...Nc6 3 Bb5 g6} Bd7 9. Ba4 {LiveBook: 3 Games} (9. Be3 Ne5 10. Nxe5 Bxb5 11. Ng4 Nxg4 12. hxg4 b6 13. Na3 Bc6 14. Nc2 d5 15. e5 Ba4 {1-0 (62) Kantans,T (2531)-Kulaots,K (2573) Viljandi 2017}) 9... e5 10. Nbd2 {[%cal Bb1d2,Bd2f1,Bf1e3][%mdl 32] The position is equal.} Qc7 11. Nf1 Rad8 $146 ({Predecessor:} 11... d5 12. Bg5 Be6 13. Bxc6 bxc6 14. Ng3 Rab8 15. Qc1 Nd7 {1-0 (43) Dolezal,R (2380)-Slovak,K (2254) Pardubice 2017}) 12. Bg5 h6 13. Bh4 Be6 14. Ne3 a6 15. Qc1 Ne7 16. Bxf6 Bxf6 17. Ng4 Bxg4 $1 18. hxg4 Kg7 19. g3 d5 20. exd5 Rxd5 21. Qe3 Rfd8 22. Bc2 Nc6 23. Kg2 Qd7 (23... Rh8 $11) 24. Rh1 $36 {[%mdl 2048] White has strong initiative.} Rh8 25. Qe4 Rd6 26. Rh3 {Strongly threatening Rah1.} Nd8 27. g5 hxg5 28. Rxh8 Kxh8 29. Nxe5 Qf5 30. Qxf5 gxf5 31. Nc4 Re6 32. Rh1+ Kg8 33. Ne3 Re5 34. Bb3 Bg7 (34... Kf8 $14) 35. d4 cxd4 36. cxd4 Rb5 (36... Re8 $16 {keeps fighting.}) 37. d5 $18 f4 38. gxf4 gxf4 39. Nf5 Bxb2 $2 {[#]} (39... Kf8 {was called for.} 40. Re1 Rb6) 40. Re1 Bf6 41. Re8+ Kh7 42. Kh3 Rc5 43. Nd6 Kg7 44. Ne4 Rc8 45. d6 {[%cal Bd5d6,Bd6d7][%mdl 32]} b5 46. d7 {White is clearly winning.} Rb8 (46... Ra8 $142 47. Kg4 a5) 47. Nxf6 Kxf6 {[%mdl 4096] Endgame KRB-KRN} 48. Kg4 a5 49. a3 {[%cal Ba2a3,Ba3b4,Bb4b5,Bb5b6][%mdl 32]} a4 50. Bd5 b4 51. axb4 a3 52. Ba2 Kg7 53. b5 Kf6 54. f3 Kg7 55. b6 {Precision: White = 79%, Black = 36%.} 1-0

[Event "Eurasia Open Cup 2018"]
[Site "Jekaterienburg"]
[Date "2018.08.07"]
[Round "6"]
[White "Kryakvin, Dmitry"]
[Black "Matsenko, Sergei"]
[Result "1/2-1/2"]
[WhiteElo "2591"]
[BlackElo "2533"]
[Annotator "TA"]
[PlyCount "80"]
[EventDate "2018.08.01"]
[EventType "swiss"]
[EventCountry "RUS"]
[SourceTitle "playchess.com"]
[Source "ChessBase"]
[SourceQuality "1"]

{[%evp 21,80,22,48,45,43,51,41,34,33,36,68,60,80,61,69,36,35,16,5,20,126,30,24,13,18,-78,-71,-58,-67,-118,-124,-124,-105,-136,-147,-142,-143,-163,-161,-155,-138,-119,-159,-151,-120,-133,-141,-112,-68,-68,-44,-22,0,0,0,0,0,0,0,0,0]} 1. d4 Nf6 2. c4 e6 3. Nc3 Bb4 4. Qc2 c5 5. dxc5 O-O 6. a3 Bxc5 7. Nf3 b6 8. Bf4 Bb7 9. Rd1 Nh5 {E39: Nimzo-Indian: Classical: 4...c5 5 dxc5 0-0} 10. Ng5 g6 11. Bc1 Be7 {LiveBook: 12 Games} 12. h4 Nc6 13. e4 {[#]} Qc7 $146 ({Predecessor:} 13... Rc8 14. Be2 Ng7 15. Nf3 Na5 16. b3 a6 17. Bh6 Bxa3 {½-½ (81) Shmeliov,D (2443)-Matsenko,S (2563) Chicago 2018}) 14. Nb5 Qb8 15. Be2 Nf4 16. Rxd7 a6 $1 {Hoping for ...Bxg5.} 17. Nc3 {Strongly threatening Bxf4.} Bc8 $1 {[%cal Rc8d7]} 18. Bxf4 (18. Rxe7 $5 Nxe7 19. O-O $15) 18... Qxf4 19. g3 Qf6 20. Rd2 Bc5 {[#]} (20... Bb7 $11) 21. O-O ({White has to play} 21. f4 $1 $16) 21... Bb7 22. b4 Bd4 {[%cal Bc5d4,Bd4e5,Be5b8][%mdl 32]} 23. Nd5 (23. Na4 $11) 23... exd5 $17 24. exd5 Ne7 $1 25. Qd3 {[#]} ({Better is} 25. Bg4 $15) 25... Be5 $1 26. f4 Bb8 27. Bg4 {[#]} b5 $1 28. Ne4 (28. cxb5 Nxd5) 28... Qg7 29. Nc5 bxc4 30. Qxc4 Bxd5 31. Rxd5 Nxd5 32. Qxd5 Ba7 33. Kg2 Bxc5 34. bxc5 Rad8 35. Bd7 $1 Qb2+ 36. Rf2 Qb5 {The position is equal.} 37. Rd2 $36 {[%mdl 2048] White has good play.} Rxd7 $1 38. Qxd7 {Threatens to win with c6.} Qxc5 39. Qd6 Qc3 40. Rf2 Qc4 {Precision: White = 61%, Black = 57%.} 1/2-1/2

[Event "Eurasia Open Cup 2018"]
[Site "Jekaterienburg"]
[Date "2018.08.07"]
[Round "6"]
[White "Shaposhnikov, Evgeny"]
[Black "Fakhrutdinov, Timur"]
[Result "0-1"]
[WhiteElo "2588"]
[BlackElo "2463"]
[Annotator "TA"]
[PlyCount "166"]
[EventDate "2018.08.01"]
[EventType "swiss"]
[EventCountry "RUS"]
[SourceTitle "playchess.com"]
[Source "ChessBase"]
[SourceQuality "1"]

{[%evp 23,166,0,0,0,0,0,0,0,-13,-17,-10,-27,-33,-50,-23,-42,-16,-26,0,-46,0,-41,-44,-35,-31,-101,-87,-104,-33,-45,-45,-55,-58,-76,-68,-75,-46,-94,-81,-139,-119,-113,-85,-81,-80,-87,-85,-87,-81,-81,-81,-122,-122,-122,-123,-137,-143,-195,-187,-189,-189,-203,-119,-119,-93,-93,-96,-91,-94,-93,-94,-860,-309,-310,-119,-131,-44,-81,-69,-77,-69,-117,-107,-118,-114,-225,-221,-185,-195,-188,-177,-232,-250,-481,-481,-481,-481,-446,-253,-253,-253,-245,-238,-416,-432,-377,-370,-295,-219,-432,-416,-450,-357,-950,-538,-585,-493,-6853,-5850,-2177,-710,-29965,-29965,-29974,-29977,-29980,-29981,-29979,-29979,-29979,-29979,-29979,-29980,-29979,-29978,-29977,0,-29971,0,-29966,-1732,-29982,-29983,-29982,-29984]} 1. Nf3 Nf6 2. c4 e6 3. d4 d5 4. e3 Be7 5. b3 O-O 6. Bb2 c5 7. Nbd2 cxd4 8. exd4 b6 9. Bd3 Bb7 10. O-O Nbd7 11. Qe2 Rc8 {D30: Queen's Gambit Declined: Systems without Nc3} (11... Re8 12. Rac1 Rc8 13. Rfd1 Bf8 14. Ne5 dxc4 15. bxc4 Nxe5 16. dxe5 Nd7 17. Be4 Qc7 18. Bxb7 Qxb7 19. Ne4 {1-0 (49) Mamedyarov,S (2804)-Ju,W (2572) chess.com INT 2018}) 12. Rad1 Qc7 {LiveBook: 3 Games} 13. a3 $146 ({Predecessor:} 13. Rfe1 Rfd8 14. Ne5 Nf8 15. f4 Ng6 16. Qf2 Qb8 17. Kh1 Qa8 18. f5 Nxe5 19. dxe5 {0-1 (28) Balla,T (2376)-Szabo,G (2550) Mamaia 2013}) 13... Rfd8 {The position is equal.} 14. Rfe1 Bf8 15. h3 g6 16. Rc1 Qf4 17. Qe3 Bh6 18. Bf1 Ne8 {[%cal Bf6e8,Be8d6,Bd6f5][%mdl 32]} 19. Qc3 Bg7 20. Qe3 Bh6 21. Qc3 Bg7 22. g3 Qb8 23. Qe3 Nd6 24. Bd3 (24. Qe2 $15) 24... Nf5 $1 $36 {[%cal Rf5e3][%mdl 2048] Black is on the roll.} 25. Qe2 {[#]} Qd6 (25... Nc5 $1 $17 {[%mdl 512] Strongly threatening ...Nxg3!} 26. Bxf5 (26. dxc5 Bxb2) 26... exf5) 26. cxd5 Bxd5 27. Rxc8 Rxc8 28. Nc4 Qc7 {White must now prevent ...Nxg3!} 29. Ncd2 Nb8 (29... Nxg3 $5 30. fxg3 Qxg3+ 31. Kf1 Bh6 $17) 30. Ne5 Nc6 31. Nxc6 (31. Bxf5 $142 gxf5 32. Qd3) 31... Qxc6 32. Bxf5 gxf5 33. Rc1 Qb7 34. Rxc8+ Qxc8 35. Nc4 Ba8 36. Ne3 Qd7 37. Kh2 Bxd4 38. Bxd4 Qxd4 39. Qh5 Qf6 40. b4 (40. Qd1 $17) 40... h6 $19 41. Qd1 Kg7 42. Qe1 f4 ({Black should play} 42... Qd4 $19 43. h4 Be4) 43. Ng4 $17 fxg3+ 44. Kxg3 Qf3+ 45. Kh4 Qf4 ({Don't go for} 45... Qxa3 $2 46. Qd2 $18) 46. Qc3+ Kh7 $1 {Hoping for ...f5.} 47. Qc8 $2 {[%mdl 8192] [#]} (47. Qd3+ $17 Kg7 48. Qe3 Qxe3 49. Nxe3) 47... Bf3 $2 (47... h5 $1 {[%mdl 512]} 48. Qc3 (48. Kxh5 Bf3) 48... hxg4) 48. Qc2+ $19 Be4 $2 (48... f5 $19 {[%cal Rf3g4] and Black stays clearly on top.} 49. Qd3 Qg5+ 50. Kg3 Bd5) 49. Qc3 $17 {Black should prevent Qf6.} Bg6 (49... Bd5 $17 {...f5 is the strong threat.} 50. Qe3 Qxe3 51. Nxe3 Kg6) 50. Qe5 Qxe5 $1 51. Nxe5 {[%mdl 4096] Endgame KB-KN} Kg7 52. Nc6 a6 53. Nb8 a5 $1 54. Kg4 (54. bxa5 $17 bxa5 55. Nc6) 54... Bf5+ 55. Kg3 axb4 56. axb4 e5 $1 57. h4 (57. Na6 $142) 57... Kf6 $19 58. f4 $2 {[#]} (58. Na6) 58... Ke6 $1 59. fxe5 Kxe5 60. Nc6+ Kd6 (60... Ke4 $142 61. Ne7 h5) 61. Nd4 Bg6 62. Kf4 Kd5 63. Nf5 h5 64. Ne7+ {[#]} Ke6 $1 {[%cal Re6e7]} 65. Nc8 b5 66. Na7 $2 (66. Kg5) 66... Bd3 67. Kg5 Be2 68. Nc6 $2 (68. Kf4 Kd5 69. Ke3) 68... Kd5 69. Ne7+ Kc4 70. Nf5 (70. Nc6 $142 Bd1 71. Kf6) 70... Kxb4 71. Ng3 Bf3 72. Nxh5 Kc4 73. Ng3 b4 {[%cal Bb5b4,Bb4b3,Bb3b2][%mdl 32]} 74. Kf4 b3 75. Ke3 b2 76. Nf1 Kc3 77. Nd2 Bh5 78. Nb1+ Kc2 79. Nd2 Kc3 80. Nb1+ Kc2 81. Nd2 Kd1 (81... Kc1 $142 82. Nb3+ Kd1 83. Nd2 Bg6 84. h5 Bf5 85. h6 f6 86. Kf4 Kxd2 87. Kxf5 b1=Q+ 88. Kxf6 Qh7 89. Ke6 Qxh6+ 90. Kd5 Kd3 91. Ke5 Qf8 92. Ke6 Ke4 93. Kd7 Kd5 94. Kc7 Kc5 95. Kd7 Qf7+ 96. Kd8 Kd6 97. Kc8 Qc7#) 82. Kd3 Bg6+ 83. Kc3 Ke2 {Precision: White = 40%, Black = 57%.} 0-1

[Event "Eurasia Open Cup 2018"]
[Site "Jekaterienburg"]
[Date "2018.08.07"]
[Round "6"]
[White "Chigaev, Maksim"]
[Black "Sarana, Alexey"]
[Result "1/2-1/2"]
[WhiteElo "2577"]
[BlackElo "2613"]
[Annotator "TA"]
[PlyCount "57"]
[EventDate "2018.08.01"]
[EventType "swiss"]
[EventCountry "RUS"]
[SourceTitle "playchess.com"]
[Source "ChessBase"]
[SourceQuality "1"]

{[%evp 18,57,0,0,8,0,3,0,0,-12,0,-8,-7,-4,-7,-17,0,-8,0,0,0,0,-8,-19,0,0,0,-12,0,0,0,0,0,-17,11,10,0,-10,0,0,11,-18]} 1. e4 c5 2. Nf3 d6 3. d4 cxd4 4. Nxd4 Nf6 5. Nc3 a6 6. h4 {B90: Sicilian Najdorf: Unusual White 6th moves, 6 Be3 Ng4 and 6 Be3 e5} (6. f3 e5 7. Nb3 Be6 8. Be3 h5 9. Qd2 Nbd7 10. Nd5 Bxd5 11. exd5 g6 12. Be2 Bg7 13. O-O a5 14. a4 O-O 15. Bb5 Qc7 16. c4 b6 17. h3 Nc5 18. Nxc5 bxc5 {½-½ (49) Carlsen,M (2842)-Vachier Lagrave,M (2779) Biel 2018}) 6... e5 7. Nb3 Be7 8. Bg5 Be6 9. Bxf6 Bxf6 10. g3 {LiveBook: 4 Games. The position is equal.} O-O 11. Qd2 Be7 12. Nd5 $146 ({Predecessor:} 12. O-O-O Nd7 13. Nd5 Bxd5 14. exd5 Rc8 15. Kb1 Nb6 16. f3 Qc7 17. Bd3 {½-½ (17) Ali Marandi,C (2479)-Andriasian,Z (2622) Minsk 2017}) 12... Nd7 13. Bh3 Nb6 14. Bxe6 fxe6 15. Nxe7+ Qxe7 16. Qe2 Rac8 17. O-O Qc7 18. c3 Qc4 19. Qe3 Qc6 20. Nd2 Na4 21. Rab1 b5 22. Qe2 Rf7 23. Kg2 Nc5 24. f3 Na4 25. Rf2 Nc5 26. Nb3 Nd7 27. Nd2 Nc5 28. Nb3 Nd7 29. Nd2 {Precision: White = 48%, Black = 58%.} 1/2-1/2

[Event "Eurasia Open Cup 2018"]
[Site "Jekaterienburg"]
[Date "2018.08.07"]
[Round "6"]
[White "Bocharov, Ivan"]
[Black "Timofeev, Artyom"]
[Result "1-0"]
[WhiteElo "2552"]
[BlackElo "2590"]
[Annotator "TA"]
[PlyCount "67"]
[EventDate "2018.08.01"]
[EventType "swiss"]
[EventCountry "RUS"]
[SourceTitle "playchess.com"]
[Source "ChessBase"]
[SourceQuality "1"]

{[%evp 21,67,61,51,52,54,54,50,59,58,54,43,54,55,54,56,21,23,25,53,5,11,1,87,66,255,252,226,212,253,251,402,367,488,481,1193,1193,1178,1158,1405,1383,1232,1175,29988,5322,29986,1454,29986,29987]} 1. e4 c5 2. Nf3 Nc6 3. d4 cxd4 4. Nxd4 g6 5. c4 Nf6 6. Nc3 d6 7. f3 Bg7 8. Be3 O-O 9. Be2 Nxd4 10. Bxd4 Be6 11. O-O Nd7 {LiveBook: 4 Partien. B38: Sizilianisch (Maroczy-Aufbau)} (11... Qa5 12. Rc1 Rfc8 13. b3 a6 14. f4 b5 15. f5 Bd7 16. Bxf6 Bxf6 17. Nd5 Bg5 18. Rc3 e6 19. Rg3 Bh4 20. Rg4 {1-0 (30) Efimenko,Z (2651)-Korobov,A (2692) Rivne 2016}) 12. Kh1 Bxd4 13. Qxd4 Qb6 {Weiß steht etwas besser.} 14. Qd2 a5 15. f4 {Schwarz muss nun f5 beachten.} Nf6 16. f5 Bd7 17. Rf4 $146 ({Vorgänger:} 17. Rae1 Bc6 18. Bf3 Nd7 19. Re3 {1-0 (60) Kalod,R (2235)-Kovchan,A Moravka 1994}) 17... Kh8 18. fxg6 fxg6 19. Raf1 {Und weiter mit Sd5 wäre nett.} Bc6 20. Bg4 Qc5 $1 21. Nd5 $36 {[%mdl 2048] Weiss steht aktiver.} Qxc4 (21... Bxd5 $11 {bleibt in der Remisbreite.} 22. cxd5 (22. exd5 g5 $11) 22... Qb4) 22. b3 $1 $16 {[%cal Rb3c4]} Qb5 $2 {[#]} (22... Qc5 $1 $14) 23. Be2 $1 $18 {[%cal Re2b5]} (23. Nxe7 Qe5 $11) 23... Qc5 {[#]} 24. Rc1 $1 {[%cal Rc1c5]} (24. Nxf6 exf6 25. Rxf6 Rxf6 $11) (24. Nxe7 Qe5 $14) 24... Qa3 25. Nxe7 Kg7 $2 (25... Rae8 {ist wohl besser.}) 26. Rh4 ({Schwächer ist} 26. Nxc6 bxc6 27. Rxc6 Rac8 $18) 26... Rae8 27. Bc4 {Weiss will mit Dh6+ Matt setzen.} d5 (27... Ng4 $142 28. Nxc6 (28. Rxg4 Rxe7 29. Rh4 Rf6 $16) 28... bxc6 29. Rxg4 Qc5) 28. Qh6+ Kf7 29. Nxd5 Bxd5 30. Bxd5+ ({Nicht} 30. exd5 Qd6 $18) 30... Nxd5 31. exd5 {jetzt Tc7+ und aus.} Ke7 32. Rhc4 (32. Qg7+ $142 Rf7 33. Qe5+ Kf8 34. Qh8+ Ke7 35. Re1+ Kd6 36. Qxe8 Kc7 37. Qxf7+ Kb6 38. Re6+ Ka7 39. Qf2+ Kb8 40. Re8+ Kc7 41. Rc4+ Kd7 42. Qf7+ Kd6 43. Qe6#) 32... Qd6 33. Rc7+ (33. Qg7+ $142 Rf7 34. Re4+ (34. Rc7+ Qxc7 35. Qxf7+ Kxf7 $16) 34... Kd8 35. Rc8+ Kxc8 36. Rxe8+ Kc7 37. Qxf7+ Kb6 38. Re6) 33... Kd8 34. Rc8+ {Precision: Weiß = 74%, Schwarz = 39%.} 1-0

[Event "Eurasia Open Cup 2018"]
[Site "Jekaterienburg"]
[Date "2018.08.07"]
[Round "6"]
[White "Sorokin, Aleksey"]
[Black "Faizrakhmanov, Ramil"]
[Result "1-0"]
[WhiteElo "2519"]
[BlackElo "2407"]
[Annotator "TA"]
[PlyCount "47"]
[EventDate "2018.08.01"]
[EventType "swiss"]
[EventCountry "RUS"]
[SourceTitle "playchess.com"]
[Source "ChessBase"]
[SourceQuality "1"]

{[%evp 28,47,57,50,149,119,121,129,112,126,137,148,125,111,235,235,235,235,235,235,435,422]} 1. d4 Nf6 2. c4 e6 3. Nf3 b6 4. a3 Bb7 5. Nc3 d5 6. cxd5 Nxd5 7. Qc2 Nxc3 8. bxc3 Be7 9. e4 Nd7 10. Bd3 c5 11. O-O O-O 12. Qe2 Rc8 13. Bf4 cxd4 {E12: Queen's Indian: Unusual White 4th moves, 4 a3, 4 Nc3 Bb7 5 a3 and 4 Nc3 Bb7} 14. cxd4 Rc3 (14... Nf6 15. a4 Rc3 16. Rfe1 Qa8 17. Bd2 Rxd3 18. Qxd3 Bxe4 19. Qe2 Bxf3 20. Qxf3 Qxf3 21. gxf3 Rd8 {½-½ (58) Nenezic,M (2479)-Petrov,M (2421) Belgrade 2016}) 15. Rfc1 {LiveBook: 5 Games} Rxd3 $146 (15... Rc8 $14) ({Predecessor:} 15... Qc8 16. a4 Nf6 17. Rxc3 Qxc3 18. Rc1 Qa3 19. Rc7 Ba8 20. Rxa7 Bb4 21. h3 {1-0 (32) Abhishek,K (2370)-Makarian,R (2201) Moscow 2018}) 16. Qxd3 $16 Nc5 17. Qe3 Nxe4 18. Rc7 Bd5 {and if ...g5 works, Black does fine.} 19. Rxa7 Nd6 20. Ne5 f6 {[#]} (20... Nf5 $16 21. Qd2 f6) 21. Nc6 $1 $18 {[%cal Rc6d8][%mdl 512]} Bxc6 22. Qxe6+ Rf7 23. Re1 {[%mdl 1024] Bxd6 is the strong threat. White has strong compensation.} Nc8 $2 (23... Nb5 {might work better.} 24. Rxe7 Qxe7) 24. Rc7 1-0

[Event "Eurasia Open Cup 2018"]
[Site "Jekaterienburg"]
[Date "2018.08.07"]
[Round "6"]
[White "Tsydypov, Zhamsaran"]
[Black "Shinkevich, Vitaly"]
[Result "1-0"]
[WhiteElo "2514"]
[BlackElo "2437"]
[Annotator "TA"]
[PlyCount "75"]
[EventDate "2018.08.01"]
[EventType "swiss"]
[EventCountry "RUS"]
[SourceTitle "playchess.com"]
[Source "ChessBase"]
[SourceQuality "1"]

{[%evp 21,75,-19,0,8,36,6,21,0,0,0,11,-4,0,0,7,0,26,17,212,208,225,211,240,194,293,279,269,264,414,421,417,397,440,433,401,408,407,406,395,392,449,403,402,399,390,373,441,418,680,680,680,680,680,667,981,966]} 1. e4 e5 2. Nf3 Nc6 3. Bb5 a6 4. Ba4 Nf6 5. O-O b5 6. Bb3 Bb7 7. d3 Bc5 8. a4 O-O 9. Nc3 b4 10. Ne2 {C78: Ruy Lopez: Archangelsk and Möller Defences} (10. Nd5 h6 11. a5 d6 12. Be3 Nd7 13. c3 bxc3 14. bxc3 Rb8 15. Bc4 Bxe3 16. Nxe3 Kh7 17. Qc2 Ne7 {½-½ (69) Leko,P (2707)-Bachmann,A (2593) Berlin 2015}) 10... d5 11. exd5 Nxd5 {LiveBook: 3 Games} 12. a5 {The position is equal.} Ba7 $146 ({Predecessor:} 12... Nde7 13. Ng5 Nf5 14. Ng3 Nxg3 15. hxg3 Be7 16. Ne4 Nd4 17. Bc4 Bd5 {1-0 (38) Ni,H (2560)-Sebag,M (2404) Cannes 2004}) 13. Ng3 Nf4 14. Ne4 Nd4 15. Nxd4 Bxd4 16. Qg4 Qc8 17. Qxc8 Raxc8 18. Re1 h6 19. Bd2 Kh8 $2 (19... Bd5 $11 {and Black has nothing to worry.} 20. Bxd5 (20. Bxb4 Bxb3 21. Bxf8 Bxc2 $15) 20... Nxd5) 20. Bxb4 $18 f5 {[#]} 21. Nc5 $1 {[%cal Rc5b7]} ({Don't do} 21. Bxf8 $6 Rxf8 22. c3 Ba7 $16) 21... Bxg2 22. Ne6 c5 (22... Nxe6 $142 23. Bxe6 c5) 23. Nxf8 cxb4 24. Ne6 Bf3 (24... Nxe6 {keeps fighting.} 25. Bxe6 (25. Kxg2 Nf4+ 26. Kf1 Bxb2 $11) 25... Rc6) 25. Nxf4 exf4 26. Re6 Bc6 27. Bc4 Bxb2 28. Rb1 Bc3 29. Bxa6 Rc7 {If only Black now had time for ...Ba4....} 30. Bc4 Ba4 31. Bb3 Bxb3 32. Rxb3 {[%mdl 4096] Endgame KRR-KRB} f3 33. h3 Kg8 34. a6 Bd2 (34... Kf7 $142 35. Rb6 Rc5) 35. d4 {[%cal Bd3d4,Bd4d5,Bd5d6][%mdl 32] White is clearly winning.} Rxc2 {[#] ( -> ...Rc1+)} 36. Rxf3 Ra2 37. d5 Bc3 38. d6 {Precision: White = 71%, Black = 24%.} 1-0

[Event "Eurasia Open Cup 2018"]
[Site "Jekaterienburg"]
[Date "2018.08.07"]
[Round "6"]
[White "Khanin, Semen"]
[Black "Drygalov, Sergey"]
[Result "1/2-1/2"]
[WhiteElo "2494"]
[BlackElo "2433"]
[Annotator "TA"]
[PlyCount "91"]
[EventDate "2018.08.01"]
[EventType "swiss"]
[EventCountry "RUS"]
[SourceTitle "playchess.com"]
[Source "ChessBase"]
[SourceQuality "1"]

{[%evp 21,91,0,40,38,44,0,48,0,-2,-22,-27,-23,-21,-16,-10,-41,-26,-91,-11,-23,-22,-18,-18,-31,-8,-5,-10,-17,0,0,4,0,0,-15,-15,-12,-11,-17,-15,-44,-50,-40,-23,-24,-11,-10,0,0,0,-1,-5,-6,0,0,0,0,0,0,0,0,0,0,0,0,0,0,0,0,0,0,0,0]} 1. e4 c5 2. Nf3 d6 3. d4 cxd4 4. Nxd4 Nf6 5. Nc3 a6 6. f3 e5 7. Nb3 Be6 8. Be3 Nbd7 9. g4 b5 10. g5 Nh5 11. Nd5 {B90: Sicilian Najdorf: Unusual White 6th moves, 6 Be3 Ng4 and 6 Be3 e5} (11. Qd2 Nb6 12. Na5 b4 13. Nd5 Nxd5 14. exd5 Qxa5 15. dxe6 fxe6 16. Bh3 Qd5 17. Qe2 Be7 18. Rd1 Qb5 19. Bxe6 Qxe2+ 20. Kxe2 {½-½ (41) Horvat,M (2460)-Dothan,Y (2573) ICCF email 2016}) 11... Bxd5 {LiveBook: 3 Games} 12. Qxd5 ({Of course not} 12. exd5 Nf4 $15) 12... Be7 $1 13. Rg1 {White is slightly better.} O-O (13... Rc8 {keeps more tension.} 14. Qd2 Nb6 15. Qa5 Nc4 16. Bxc4 bxc4 17. Qxd8+ Bxd8 18. Nc1 O-O) 14. O-O-O Qc7 $146 ({Predecessor:} 14... Nb6 15. Qd2 Nc4 16. Bxc4 bxc4 {1-0 (45) Carrasco Quilis,O-Harutyunyan,G La Pobla de Vallbona 2004}) 15. Kb1 Nb6 16. Qd2 d5 17. exd5 Nxd5 18. Bd3 {With the idea Bxh7+!} ({Much weaker is} 18. Qxd5 Rad8 $17) (18. c4 $5 bxc4 19. Rc1 $11 (19. Qxd5 Rfd8 $17)) 18... Rad8 19. h4 (19. Qe1 $11) 19... b4 (19... a5 $17 20. Nc1 Nhf4 21. Bxf4 exf4) 20. Qf2 a5 {...a4 is the strong threat.} 21. Bb5 $1 Nhf4 {[#] Strongly threatening ...Nh3.} 22. Rh1 Ne6 23. Rd3 (23. Qe2 {is more complex.} Nxe3 24. Qxe3 Rxd1+ 25. Rxd1 Rd8 26. Rc1) 23... Nxe3 24. Qxe3 Nc5 25. Nxc5 Qxc5 26. Qxc5 Bxc5 27. Rhd1 Rd4 28. Rxd4 Bxd4 $11 {[%mdl 4096] Endgame KRB-KRB} 29. h5 g6 30. f4 gxh5 31. fxe5 Bxe5 32. Rh1 $1 Rd8 {White should prevent ...h4!} 33. Bd3 {The position is equal.} Bf4 34. Rxh5 Rd5 35. Bxh7+ Kg7 {[%cal Rd5d1] [#]} 36. Bd3 Bxg5 37. c4 bxc3 38. bxc3 Rxd3 39. Rxg5+ {KR-KR} Kf6 40. Rxa5 Rxc3 41. a4 Ke6 42. Kb2 Rc8 43. Ra6+ Ke5 44. Ra7 f5 45. Kb3 f4 46. Rf7 {Precision: White = 52%, Black = 57%.} 1/2-1/2